000 01004nab a2200265 i 4500
001 193699
003 ES-MaACL
005 20250807063228.0
007 t|
008 240206s1895 sp ||||1| spa d
040 _aES-MaACL
_bspa
_cES-MaACL
100 1 _aMontemar, Félix de
_9235056
_eaut
245 1 3 _aEl Ateneo :
_bsus épocas, la casa vieja y la casa nueva, la casa y el alma, Teodoro, para este año /
_cFélix de Montemar
260 _a[Madrid :
_bNuevo Mundo,
_c1895]
300 _a2 páginas :
_bilustraciones ;
_c30 cm
336 _2rdacontent
_atexto
337 _2rdamedia
_asin mediación
338 _2rdacarrier
_avolumen
500 _aFotocopia del artículo de Félix de Montemar sobre el Ateneo de Madrid, publicado en la revista "Nuevo mundo", 19 de diciembre de 1895, n. 102
610 2 4 _aAteneo de Madrid-
_vHistoria
_91925
852 4 _aES-MaACL
_cDEPOF
_j2347-F-60
_9201226
942 _2udc
_cANAB
_n0
999 _c193699
_d193699